[Event "Stay Safe Play From Home 144"]
[Site "T#645981Emanuel Laske"]
[Date "2020.05.12"]
[Round "7"]
[White "Tobo Rubirosa"]
[Black "Gmbasti"]
[Result "0-1"]
[WhiteElo "1622"]
[BlackElo "1622"]
[Annotator "NA RC"]
[PlyCount "92"]
[EventDate "2020.05.12"]
[EventType "swiss (blitz)"]

1. e4 {[%emt 0:00:04]} c5 {[%emt 0:00:30]} 2. Nf3 {[%emt 0:00:04]} e6 {[%emt 0:00:00]} 3. d4 {[%emt 0:00:02]} d5 {[%emt 0:00:00]} 4. Nbd2 {[%emt 0:00:08]} Nf6 {[%emt 0:00:01]} 5. Bb5+ {[%emt 0:00:04]} Nc6 {[%emt 0:00:02]} 6. dxc5 {[%emt 0:00:04]} Bxc5 {[%emt 0:00:02]} 7. exd5 {[%emt 0:00:01]} exd5 {[%emt 0:00:01]} 8. Nb3 {[%emt 0:00:02]} Bb6 {[%emt 0:00:02]} 9. Nbd4 {[%emt 0:00:06]} Bd7 {[%emt 0:00:01]} 10. Bxc6 {[%emt 0:00:04]} bxc6 {[%emt 0:00:01]} 11. O-O {[%emt 0:00:04]} O-O {[%emt 0:00:01]} 12. Bg5 {[%emt 0:00:01]} h6 {[%emt 0:00:02]} 13. Bh4 {[%emt 0:00:03]} g5 {[%emt 0:00:04]} 14. Bg3 {[%emt 0:00:02]} Ne4 {[%emt 0:00:01]} 15. Ne5 {[%emt 0:00:09]} f6 {[%emt 0:00:05]} 16. Nxd7 {[%emt 0:00:04]} Qxd7 {[%emt 0:00:01]} 17. c3 {[%emt 0:00:02]} Rae8 {[%emt 0:00:07]} 18. Qh5 {[%emt 0:00:03]} Qg7 {[%emt 0:00:03]} 19. Nxc6 {[%emt 0:00:07]} f5 {[%emt 0:00:08]} 20. Bd6 {[%emt 0:00:21]} Nxd6 {[%emt 0:00:16]} 21. Nd4 {[%emt 0:00:06]} Bxd4 {[%emt 0:00:01]} 22. cxd4 {[%emt 0:00:02]} Re4 {[%emt 0:00:03]} 23. Rac1 {[%emt 0:00:04]} Rfe8 {[%emt 0:00:02]} 24. Rc6 {[%emt 0:00:12]} Nc4 {[%emt 0:00:01]} 25. Rg6 {[%emt 0:00:06]} Nd2 {[%emt 0:00:10]} 26. Qxh6 {[%emt 0:00:26]} Qxg6 {[%emt 0:00:09]} 27. Qxg6+ {[%emt 0:00:01]} Kh8 {[%emt 0:00:01]} 28. Qh6+ {[%emt 0:00:01]} Kg8 {[%emt 0:00:01]} 29. Qxg5+ {[%emt 0:00:01]} Kh8 {[%emt 0:00:04]} 30. Qxd2 {[%emt 0:00:00]} Re2 {[%emt 0:00:06]} 31. h3 {[%emt 0:00:00]} Rxd2 {[%emt 0:00:01]} 32. Rc1 {[%emt 0:00:03]} Rxb2 {[%emt 0:00:03]} 33. Kh2 {[%emt 0:00:01]} Rxa2 {[%emt 0:00:01]} 34. Rc5 {[%emt 0:00:02]} Rxf2 {[%emt 0:00:01]} 35. Rxd5 {[%emt 0:00:01]} Rd2 {[%emt 0:00:01]} 36. Rd7 {[%emt 0:00:01]} a5 {[%emt 0:00:02]} 37. Ra7 {[%emt 0:00:01]} Rxd4 {[%emt 0:00:01]} 38. Rxa5 {[%emt 0:00:01]} f4 {[%emt 0:00:00]} 39. Rf5 {[%emt 0:00:02]} Kg7 {[%emt 0:00:01]} 40. h4 {[%emt 0:00:01]} Kg6 {[%emt 0:00:01]} 41. Rg5+ {[%emt 0:00:02]} Kf6 {[%emt 0:00:02]} 42. Kh3 {[%emt 0:00:01]} Re5 {[%emt 0:00:02]} 43. Rxe5 {[%emt 0:00:03]} Kxe5 {[%emt 0:00:01]} 44. Kg4 {[%emt 0:00:00]} Rd2 {[%emt 0:00:04]} 45. Kf3 {[%emt 0:00:02]} Kf5 {[%emt 0:00:03]} 46. h5 {[%emt 0:00:02]} Rd6 {[%emt 0:00:02] Tiempo (Lag: Av=0.60s, max=1.0s) .} 0-1

[Event "Stay Safe Play From Home 144"]
[Site "T#645981Emanuel Laske"]
[Date "2020.05.12"]
[Round "7"]
[White "Gibiz144"]
[Black "Kongle"]
[Result "0-1"]
[WhiteElo "1618"]
[BlackElo "1838"]
[Annotator "NA RC"]
[PlyCount "90"]
[EventDate "2020.05.12"]
[EventType "swiss (blitz)"]

1. d4 {[%emt 0:00:01]} d5 {[%emt 0:00:02]} 2. Bg5 {[%emt 0:00:01]} c6 {[%emt 0:00:01]} 3. Nf3 {[%emt 0:00:01]} Bf5 {[%emt 0:00:03]} 4. e3 {[%emt 0:00:01]} h6 {[%emt 0:00:01]} 5. Bh4 {[%emt 0:00:01]} g5 {[%emt 0:00:01]} 6. Bg3 {[%emt 0:00:01]} Bg7 {[%emt 0:00:00]} 7. Bd3 {[%emt 0:00:02]} Bxd3 {[%emt 0:00:02]} 8. Qxd3 {[%emt 0:00:01]} Nf6 {[%emt 0:00:00]} 9. Qb3 {[%emt 0:00:02]} Qb6 {[%emt 0:00:03]} 10. Qxb6 {[%emt 0:00:02]} axb6 {[%emt 0:00:01]} 11. O-O {[%emt 0:00:02]} Na6 {[%emt 0:00:02]} 12. Nbd2 {[%emt 0:00:11]} Nb4 {[%emt 0:00:02]} 13. c3 {[%emt 0:00:08]} Nd3 {[%emt 0:00:05]} 14. Rfb1 {[%emt 0:00:11]} O-O {[%emt 0:00:04]} 15. Bc7 {[%emt 0:00:02]} Ra6 {[%emt 0:00:06]} 16. a4 {[%emt 0:00:03]} b5 {[%emt 0:00:08]} 17. axb5 {[%emt 0:00:03]} Rxa1 {[%emt 0:00:02]} 18. Rxa1 {[%emt 0:00:01]} Nxb2 {[%emt 0:00:01]} 19. bxc6 {[%emt 0:00:03]} bxc6 {[%emt 0:00:01]} 20. Rb1 {[%emt 0:00:05]} Nd3 {[%emt 0:00:05]} 21. Rb8 {[%emt 0:00:07]} Rxb8 {[%emt 0:00:03]} 22. Bxb8 {[%emt 0:00:01]} c5 {[%emt 0:00:04]} 23. Ba7 {[%emt 0:00:07]} c4 {[%emt 0:00:02]} 24. Ne5 {[%emt 0:00:01]} Nxe5 {[%emt 0:00:02]} 25. dxe5 {[%emt 0:00:01]} Nd7 {[%emt 0:00:01]} 26. f4 {[%emt 0:00:01]} gxf4 {[%emt 0:00:02]} 27. exf4 {[%emt 0:00:01]} e6 {[%emt 0:00:05]} 28. Nf3 {[%emt 0:00:02]} f6 {[%emt 0:00:02]} 29. Bd4 {[%emt 0:00:03]} fxe5 {[%emt 0:00:02]} 30. fxe5 {[%emt 0:00:01]} Kf7 {[%emt 0:00:04]} 31. Nh4 {[%emt 0:00:02]} h5 {[%emt 0:00:05]} 32. Nf3 {[%emt 0:00:08]} Kg6 {[%emt 0:00:03]} 33. Kf2 {[%emt 0:00:01]} Kf5 {[%emt 0:00:01]} 34. h3 {[%emt 0:00:04]} Ke4 {[%emt 0:00:06]} 35. Ng5+ {[%emt 0:00:01]} Kd3 {[%emt 0:00:01]} 36. Nxe6 {[%emt 0:00:01]} Bxe5 {[%emt 0:00:02]} 37. Bxe5 {[%emt 0:00:09]} Nxe5 {[%emt 0:00:01]} 38. Nf4+ {[%emt 0:00:02]} Kxc3 {[%emt 0:00:01]} 39. Nxh5 {[%emt 0:00:01]} Kd2 {[%emt 0:00:05]} 40. g4 {[%emt 0:00:02]} c3 {[%emt 0:00:01]} 41. Nf4 {[%emt 0:00:01]} c2 {[%emt 0:00:03]} 42. Ne2 {[%emt 0:00:01]} d4 {[%emt 0:00:02]} 43. g5 {[%emt 0:00:15]} d3 {[%emt 0:00:04]} 44. Nc1 {[%emt 0:00:24]} Kxc1 {[%emt 0:00:02]} 45. Ke3 {[%emt 0:00:01]} d2 {[%emt 0:00:02] Gibiz144 gibt auf (Lag: Av=0.67s, max=1.1s)} 0-1

[Event "Stay Safe Play From Home 144"]
[Site "T#645981Emanuel Laske"]
[Date "2020.05.12"]
[Round "7"]
[White "Timbre"]
[Black "Tumnik_ad"]
[Result "1-0"]
[WhiteElo "1595"]
[BlackElo "1878"]
[Annotator "NA RC"]
[PlyCount "137"]
[EventDate "2020.05.12"]
[EventType "swiss (blitz)"]

1. d4 {[%emt 0:00:17]} e6 {[%emt 0:00:00]} 2. Nf3 {[%emt 0:00:02]} b6 {[%emt 0:00:02]} 3. c3 {[%emt 0:00:01]} Bb7 {[%emt 0:00:01]} 4. Bf4 {[%emt 0:00:01]} Bd6 {[%emt 0:00:02]} 5. Bg3 {[%emt 0:00:02]} Nf6 {[%emt 0:00:01]} 6. e3 {[%emt 0:00:02]} Ne4 {[%emt 0:00:02]} 7. Nbd2 {[%emt 0:00:01]} Nxd2 {[%emt 0:00:02]} 8. Qxd2 {[%emt 0:00:03]} Bxf3 {[%emt 0:00:01]} 9. gxf3 {[%emt 0:00:03]} h6 {[%emt 0:00:04]} 10. Bg2 {[%emt 0:00:01]} Bxg3 {[%emt 0:00:02]} 11. hxg3 {[%emt 0:00:02]} Nc6 {[%emt 0:00:02]} 12. f4 {[%emt 0:00:01]} Qf6 {[%emt 0:00:02]} 13. Qe2 {[%emt 0:00:02]} Rd8 {[%emt 0:00:02]} 14. Kf1 {[%emt 0:00:02]} a5 {[%emt 0:00:02]} 15. Kg1 {[%emt 0:00:01]} O-O {[%emt 0:00:02]} 16. Rf1 {[%emt 0:00:03]} d5 {[%emt 0:00:01]} 17. e4 {[%emt 0:00:02]} dxe4 {[%emt 0:00:03]} 18. Qxe4 {[%emt 0:00:02]} Ne7 {[%emt 0:00:00]} 19. Qf3 {[%emt 0:00:02]} c5 {[%emt 0:00:05]} 20. dxc5 {[%emt 0:00:02]} bxc5 {[%emt 0:00:00]} 21. a3 {[%emt 0:00:03]} Qg6 {[%emt 0:00:02]} 22. b4 {[%emt 0:00:02]} Rd3 {[%emt 0:00:01]} 23. Qe2 {[%emt 0:00:02]} cxb4 {[%emt 0:00:03]} 24. Be4 {[%emt 0:00:02]} Nf5 {[%emt 0:00:14]} 25. Bxd3 {[%emt 0:00:02]} bxc3 {[%emt 0:00:08]} 26. Qc2 {[%emt 0:00:05]} Rc8 {[%emt 0:00:12]} 27. Bxf5 {[%emt 0:00:04]} exf5 {[%emt 0:00:01]} 28. Re1 {[%emt 0:00:02]} Qd6 {[%emt 0:00:04]} 29. Re3 {[%emt 0:00:02]} Qxa3 {[%emt 0:00:02]} 30. Kg2 {[%emt 0:00:04]} Qb2 {[%emt 0:00:20]} 31. Rc1 {[%emt 0:00:03]} Qb7+ {[%emt 0:00:04]} 32. Kg1 {[%emt 0:00:05]} a4 {[%emt 0:00:05]} 33. Rxc3 {[%emt 0:00:01]} Re8 {[%emt 0:00:09]} 34. Qxa4 {[%emt 0:00:02]} Re4 {[%emt 0:00:05]} 35. Qd1 {[%emt 0:00:07]} Kh8 {[%emt 0:00:03]} 36. Rc7 {[%emt 0:00:05]} Qb2 {[%emt 0:00:05]} 37. Rxf7 {[%emt 0:00:03]} Rd4 {[%emt 0:00:04]} 38. Qf1 {[%emt 0:00:03]} Rd2 {[%emt 0:00:03]} 39. Rxf5 {[%emt 0:00:02]} Rxf2 {[%emt 0:00:03]} 40. Qxf2 {[%emt 0:00:02]} Qxc1+ {[%emt 0:00:00]} 41. Kg2 {[%emt 0:00:01]} Qc6+ {[%emt 0:00:00]} 42. Kh2 {[%emt 0:00:02]} Qg6 {[%emt 0:00:03]} 43. Re5 {[%emt 0:00:08]} Qc6 {[%emt 0:00:02]} 44. Qe2 {[%emt 0:00:04]} Kg8 {[%emt 0:00:17]} 45. Re8+ {[%emt 0:00:04]} Kh7 {[%emt 0:00:01]} 46. Qe4+ {[%emt 0:00:03]} Qg6 {[%emt 0:00:06]} 47. Qxg6+ {[%emt 0:00:02]} Kxg6 {[%emt 0:00:00]} 48. Re5 {[%emt 0:00:02]} Kf6 {[%emt 0:00:02]} 49. Kh3 {[%emt 0:00:02]} Kg6 {[%emt 0:00:01]} 50. Kg4 {[%emt 0:00:01]} Kh7 {[%emt 0:00:00]} 51. Kh5 {[%emt 0:00:02]} g6+ {[%emt 0:00:02]} 52. Kg4 {[%emt 0:00:01]} Kg7 {[%emt 0:00:00]} 53. Re3 {[%emt 0:00:02]} Kf6 {[%emt 0:00:00]} 54. Kf3 {[%emt 0:00:01]} Kg7 {[%emt 0:00:00]} 55. g4 {[%emt 0:00:01]} Kf6 {[%emt 0:00:00]} 56. Re5 {[%emt 0:00:01]} Kg7 {[%emt 0:00:00]} 57. Re7+ {[%emt 0:00:01]} Kf6 {[%emt 0:00:00]} 58. Rc7 {[%emt 0:00:01]} Ke6 {[%emt 0:00:01]} 59. Rc6+ {[%emt 0:00:01]} Kf7 {[%emt 0:00:01]} 60. f5 {[%emt 0:00:01]} g5 {[%emt 0:00:01]} 61. Rxh6 {[%emt 0:00:02]} Kg7 {[%emt 0:00:00]} 62. Rg6+ {[%emt 0:00:01]} Kh7 {[%emt 0:00:00]} 63. Ke4 {[%emt 0:00:01]} Kh8 {[%emt 0:00:00]} 64. Ke5 {[%emt 0:00:01]} Kh7 {[%emt 0:00:00]} 65. Rxg5 {[%emt 0:00:01]} Kh8 {[%emt 0:00:00]} 66. Rh5+ {[%emt 0:00:01]} Kg7 {[%emt 0:00:01]} 67. f6+ {[%emt 0:00:01]} Kg8 {[%emt 0:00:00]} 68. Ke6 {[%emt 0:00:01]} Kf8 {[%emt 0:00:00]} 69. Rh8# {[%emt 0:00:02] (Lag: Av=0.34s, max=0.7s)} 1-0

[Event "Stay Safe Play From Home 144"]
[Site "T#645981Emanuel Laske"]
[Date "2020.05.12"]
[Round "8"]
[White "Chessencounter"]
[Black "rohit2007"]
[Result "1/2-1/2"]
[WhiteElo "2029"]
[BlackElo "2056"]
[Annotator "RC"]
[PlyCount "58"]
[EventDate "2020.05.12"]
[EventType "swiss (blitz)"]

1. e4 {[%emt 0:00:01]} c5 {[%emt 0:00:02]} 2. Nf3 {[%emt 0:00:01]} d6 {[%emt 0:00:01]} 3. b3 {[%emt 0:00:01]} Nf6 {[%emt 0:00:06]} 4. Bb2 {[%emt 0:00:00]} Nxe4 {[%emt 0:00:04]} 5. Nc3 {[%emt 0:00:01]} Nxc3 {[%emt 0:00:03]} 6. dxc3 {[%emt 0:00:00]} e5 {[%emt 0:00:04]} 7. c4 {[%emt 0:00:05]} Be7 {[%emt 0:00:01]} 8. Bd3 {[%emt 0:00:03]} O-O {[%emt 0:00:01]} 9. g4 {[%emt 0:00:09]} Nc6 {[%emt 0:00:03]} 10. Rg1 {[%emt 0:00:03]} Re8 {[%emt 0:00:01]} 11. Be4 {[%emt 0:00:04]} Nd4 {[%emt 0:00:03]} 12. Qd3 {[%emt 0:00:03]} g6 {[%emt 0:00:06]} 13. O-O-O {[%emt 0:00:04]} Rb8 {[%emt 0:00:04]} 14. Kb1 {[%emt 0:00:02]} b5 {[%emt 0:00:01]} 15. c3 {[%emt 0:00:01]} bxc4 {[%emt 0:00:02]} 16. Qxc4 {[%emt 0:00:01]} Nxf3 {[%emt 0:00:10]} 17. Bxf3 {[%emt 0:00:00]} Be6 {[%emt 0:00:01]} 18. Qd3 {[%emt 0:00:04]} c4 {[%emt 0:00:02]} 19. bxc4 {[%emt 0:00:11]} Qb6 {[%emt 0:00:01]} 20. Rd2 {[%emt 0:00:02]} a5 {[%emt 0:00:06]} 21. Bd5 {[%emt 0:00:01]} a4 {[%emt 0:00:02]} 22. a3 {[%emt 0:00:02]} Bg5 {[%emt 0:00:06]} 23. Re2 {[%emt 0:00:04]} e4 {[%emt 0:00:03]} 24. Qd4 {[%emt 0:00:06]} Qb3 {[%emt 0:00:05]} 25. Ka1 {[%emt 0:00:10]} Bxg4 {[%emt 0:00:22]} 26. Rxg4 {[%emt 0:00:07]} Bf6 {[%emt 0:00:08]} 27. Qxf6 {[%emt 0:00:12]} Qd1+ {[%emt 0:00:02]} 28. Ka2 {[%emt 0:00:01]} Qb3+ {[%emt 0:00:03]} 29. Ka1 {[%emt 0:00:09]} Qd1+ {[%emt 0:00:01] Chessencounter offers a draw (Lag: Av=0.94s, max=1.2s)} 1/2-1/2

[Event "Stay Safe Play From Home 144"]
[Site "T#645981Emanuel Laske"]
[Date "2020.05.12"]
[Round "8"]
[White "Don59as"]
[Black "Little champs"]
[Result "0-1"]
[WhiteElo "2015"]
[BlackElo "2125"]
[Annotator "RC"]
[PlyCount "118"]
[EventDate "2020.05.12"]
[EventType "swiss (blitz)"]

1. c4 {[%emt 0:00:01]} Nf6 {[%emt 0:00:04]} 2. Nc3 {[%emt 0:00:02]} e6 {[%emt 0:00:01]} 3. e4 {[%emt 0:00:03]} d6 {[%emt 0:00:01]} 4. g3 {[%emt 0:00:01]} g6 {[%emt 0:00:01]} 5. Bg2 {[%emt 0:00:01]} Bg7 {[%emt 0:00:01]} 6. Nge2 {[%emt 0:00:01]} O-O {[%emt 0:00:00]} 7. O-O {[%emt 0:00:01]} c5 {[%emt 0:00:01]} 8. d4 {[%emt 0:00:01]} cxd4 {[%emt 0:00:01]} 9. Nxd4 {[%emt 0:00:00]} a6 {[%emt 0:00:01]} 10. b3 {[%emt 0:00:01]} Qe7 {[%emt 0:00:01]} 11. Ba3 {[%emt 0:00:01]} Rd8 {[%emt 0:00:02]} 12. e5 {[%emt 0:00:02]} Ne8 {[%emt 0:00:02]} 13. exd6 {[%emt 0:00:06]} Nxd6 {[%emt 0:00:05]} 14. Ne4 {[%emt 0:00:01]} Bxd4 {[%emt 0:00:50]} 15. Bxd6 {[%emt 0:00:23]} Rxd6 {[%emt 0:00:04]} 16. Nxd6 {[%emt 0:00:02]} Qxd6 {[%emt 0:00:01]} 17. Qd2 {[%emt 0:00:16]} Nc6 {[%emt 0:00:02]} 18. Rad1 {[%emt 0:00:02]} e5 {[%emt 0:00:01]} 19. Kh1 {[%emt 0:00:04]} Be6 {[%emt 0:00:03]} 20. f4 {[%emt 0:00:01]} Rd8 {[%emt 0:00:09]} 21. f5 {[%emt 0:00:09]} gxf5 {[%emt 0:00:10]} 22. Qg5+ {[%emt 0:00:04]} Kf8 {[%emt 0:00:01]} 23. Qh6+ {[%emt 0:00:05]} Ke7 {[%emt 0:00:02]} 24. Qh4+ {[%emt 0:00:05]} Kd7 {[%emt 0:00:03]} 25. Qxh7 {[%emt 0:00:05]} Kc7 {[%emt 0:00:01]} 26. Qh4 {[%emt 0:00:07]} e4 {[%emt 0:00:04]} 27. g4 {[%emt 0:00:09]} e3 {[%emt 0:00:03]} 28. gxf5 {[%emt 0:00:07]} e2 {[%emt 0:00:01]} 29. fxe6 {[%emt 0:00:02]} exf1=Q+ {[%emt 0:00:01]} 30. Rxf1 {[%emt 0:00:01]} fxe6 {[%emt 0:00:02]} 31. Qe4 {[%emt 0:00:12]} Rh8 {[%emt 0:00:03]} 32. h3 {[%emt 0:00:02]} Qg3 {[%emt 0:00:05]} 33. Qxe6 {[%emt 0:00:11]} Be5 {[%emt 0:00:06]} 34. Rf7+ {[%emt 0:00:02]} Kb8 {[%emt 0:00:02]} 35. Rxb7+ {[%emt 0:00:01]} Ka8 {[%emt 0:00:20]} 36. Ra7+ {[%emt 0:00:07]} Kxa7 {[%emt 0:00:03]} 37. Qd7+ {[%emt 0:00:03]} Bc7 {[%emt 0:00:01]} 38. Kg1 {[%emt 0:00:04]} Qh2+ {[%emt 0:00:02]} 39. Kf1 {[%emt 0:00:01]} Rf8+ {[%emt 0:00:01]} 40. Ke1 {[%emt 0:00:01]} Qe5+ {[%emt 0:00:01]} 41. Kd1 {[%emt 0:00:02]} Qd4+ {[%emt 0:00:03]} 42. Qxd4+ {[%emt 0:00:01]} Nxd4 {[%emt 0:00:00]} 43. Bd5 {[%emt 0:00:00]} Rf1+ {[%emt 0:00:02]} 44. Kd2 {[%emt 0:00:01]} Rg1 {[%emt 0:00:01]} 45. Kd3 {[%emt 0:00:00]} Bb6 {[%emt 0:00:00]} 46. b4 {[%emt 0:00:01]} Nf5 {[%emt 0:00:01]} 47. c5 {[%emt 0:00:01]} Bc7 {[%emt 0:00:01]} 48. Be6 {[%emt 0:00:01]} Ng7 {[%emt 0:00:01]} 49. Bg4 {[%emt 0:00:01]} Rg3+ {[%emt 0:00:01]} 50. Kc4 {[%emt 0:00:00]} Kb7 {[%emt 0:00:01]} 51. a4 {[%emt 0:00:00]} a5 {[%emt 0:00:00]} 52. b5 {[%emt 0:00:00]} Kb8 {[%emt 0:00:01]} 53. b6 {[%emt 0:00:01]} Be5 {[%emt 0:00:01]} 54. Kb5 {[%emt 0:00:00]} Rb3+ {[%emt 0:00:02]} 55. Ka6 {[%emt 0:00:01]} Bd4 {[%emt 0:00:01]} 56. Kxa5 {[%emt 0:00:01]} Bxc5 {[%emt 0:00:01]} 57. b7 {[%emt 0:00:01]} Rxb7 {[%emt 0:00:02]} 58. Ka6 {[%emt 0:00:02]} Rb6+ {[%emt 0:00:01]} 59. Ka5 {[%emt 0:00:01]} Ne8 {[%emt 0:00:01] Time (Lag: Av=0.71s, max=1.1s)} 0-1

[Event "Stay Safe Play From Home 144"]
[Site "T#645981Emanuel Laske"]
[Date "2020.05.12"]
[Round "8"]
[White "Haris kollari 13"]
[Black "Lazieri3"]
[Result "1-0"]
[WhiteElo "1925"]
[BlackElo "2071"]
[Annotator "TA"]
[PlyCount "101"]
[EventDate "2020.05.12"]
[EventType "swiss (blitz)"]

{[%evp 9,100,0,36,18,18,18,18,20,25,18,25,24,46,42,22,24,31,-23,68,0,0,0,0,0,0,-22,0,12,17,-27,0,-44,-18,-27,-26,-35,-28,-31,-66,-324,-245,-358,-366,-651,-615,-837,-360,-367,-354,-350,-356,-449,-318,-791,338,334,331,197,197,91,758,747,773,743,1420,1408,1500,1504,1539,1502,29987,29988,29990,29991,29991,29992,29994,29995,29995,29995,29998,29998,29998,29995,29996,29996,29997,29997,29997,29998,29998,29999,29999]} 1. e4 c6 2. f4 d5 3. e5 Bf5 4. Nf3 e6 5. d4 h6 6. c3 {B12: Caro-Kann: Advance Variation.} c5 7. Bd3 Bxd3 8. Qxd3 {The position is equal.} cxd4 9. cxd4 Bb4+ 10. Nc3 {[#]} Bxc3+ $146 ({Predecessor:} 10... Ne7 11. Qb5+ Nbc6 12. Qxb7 Rb8 13. Qa6 O-O 14. O-O Ba5 15. a3 Bb6 16. Ne2 Na5 {1-0 (33) Foukal,J (1869)-Kolibik,J (1577) Valasska Bystrice 2017}) 11. bxc3 Ne7 12. O-O Nbc6 13. g4 (13. Nh4 $14) 13... Na5 (13... Qd7 $11) 14. Ba3 (14. f5 $14) 14... Nc4 $11 15. Bxe7 Qxe7 16. f5 O-O-O 17. Rab1 h5 18. g5 h4 19. h3 Rh5 20. f6 gxf6 21. exf6 Qd6 $36 {[%mdl 2048] Threatens to win with ...Qg3+. White is under pressure.} 22. Rf2 $1 Qg3+ {[%mdl 64] Double Attack} 23. Rg2 Qxh3 {White must now prevent ...Rg8.} 24. Rh2 $2 {[%mdl 8192]} (24. Rf1 $1 $15) 24... Qg3+ 25. Rg2 (25. Kh1 $142) 25... Qf4 $19 26. Rf1 $2 (26. Re1) 26... h3 27. Rh2 Qg3+ (27... Ne3 $142 28. Rff2 Ng4 {[%mdl 64] Double Attack}) 28. Kh1 Rg8 {Strongly threatening ...Rhxg5.} ({Not} 28... Rxg5 $2 29. Rg1 $18) 29. Rg1 Qf4 30. Rf1 Kb8 {aiming for ...Ne3.} 31. Ne5 $2 (31. Qe2 Ne3 32. Re1) 31... Qe4+ $4 {[%mdl 8192]} (31... Qxg5 $19 {and life is good for Black.} 32. Rb1 Nxe5 33. dxe5 Qxe5) 32. Qxe4 $18 dxe4 33. Nxf7 (33. Nxc4 $142 {And now Ne5 would win.} Rgxg5 34. Nd6) 33... e3 {[#]} ({Don't go for} 33... Rh7 $2 34. Nh6 $18) 34. Re1 (34. Re2 $1 $18 {is more deadly.}) 34... Rf8 $2 {[%mdl 8192]} (34... Rh7 $16 35. Ne5 Nxe5 36. dxe5 Rxg5) 35. g6 Rf5 36. g7 Rg8 37. Nh6 Rxf6 38. Nxg8 Rg6 39. Rg1 e2 40. Rxe2 {White mates.} Rxg1+ 41. Kxg1 Nd6 42. Nf6 Nf5 43. g8=Q+ {[%mdl 64] Double Attack} Kc7 44. Qxe6 Ng3 45. Qe5+ Kb6 46. Qxg3 Ka6 47. Qxh3 b5 48. Qe6+ Ka5 {[#]} 49. Re5 $1 a6 50. Qc6 Ka4 51. Qxa6# {Accuracy: White = 39%, Black = 56%.} 1-0

[Event "Stay Safe Play From Home 144"]
[Site "T#645981Emanuel Laske"]
[Date "2020.05.12"]
[Round "8"]
[White "Bodar"]
[Black "Tobo Rubirosa"]
[Result "1-0"]
[WhiteElo "1919"]
[BlackElo "1605"]
[Annotator "TA"]
[PlyCount "37"]
[EventDate "2020.05.12"]
[EventType "swiss (blitz)"]

{[%evp 23,37,63,70,0,30,-151,237,251,914,876,2069,2062,29989,29990,29987,2566]} 1. e4 c5 2. Nf3 d6 3. d4 cxd4 4. Nxd4 Nf6 5. Nc3 a6 6. Bg5 e6 7. f4 Nc6 8. Nxc6 bxc6 9. e5 h6 10. Bh4 g5 11. fxg5 Nd5 12. Ne4 Qb6 {[#] ...Qb4+ is the strong threat.} 13. c4 {B96: Sicilian Najdorf: 6 Bg5 e6 7 f4, lines other than 7...Qb6 and 7...Be7.} Qxb2 14. cxd5 $2 {[#]} ({Much worse is} 14. exd6 Qe5 $17) ({Better is} 14. g6 $1 $11 fxg6 15. exd6 (15. cxd5 Qb4+ 16. Nd2 Qxh4+ 17. g3 Qd4 $17)) 14... Qxe5 $146 {Black cannot hold the game after this.} (14... Qb4+ $17 {and life is bright.} 15. Nd2 Qxh4+ {[%mdl 64] Double Attack} 16. g3 Qd4 17. dxc6 hxg5) ({Predecessor:} 14... Qb4+ 15. Nd2 Qxh4+ 16. g3 Qd4 17. dxc6 dxe5 18. Rc1 hxg5 19. c7 Bb4 20. Rc4 Bxd2+ 21. Qxd2 Qxd2+ 22. Kxd2 {½-½ (39) Langheinrich,F (2380)-Rotstein,A (2540) Germany 2004}) 15. Bd3 $18 {White is clearly better.} cxd5 $2 (15... exd5 16. Bg3 Qd4) 16. Bg3 Qd4 {[#]} 17. Bb5+ $1 {[%mdl 576] Discovered Attack} Bd7 (17... axb5 18. Qxd4) 18. Bxd7+ Kxd7 19. Qxd4 {Accuracy: White = 32%, Black = 13%.} (19. Nf6+ $142 Qxf6 20. Qa4+ Kd8 21. gxf6 Be7 22. Rc1 Rc8 23. Rxc8+ Kxc8 24. Qc6+ {[%mdl 64] Double Attack} Kd8 25. Ke2) 1-0

[Event "Stay Safe Play From Home 144"]
[Site "T#645981Emanuel Laske"]
[Date "2020.05.12"]
[Round "8"]
[White "Tumnik_ad"]
[Black "Gmbasti"]
[Result "1-0"]
[WhiteElo "1850"]
[BlackElo "1639"]
[Annotator "NA RC"]
[PlyCount "81"]
[EventDate "2020.05.12"]
[EventType "swiss (blitz)"]

1. e4 {[%emt 0:00:02]} c5 {[%emt 0:00:08]} 2. a3 {[%emt 0:00:00]} e6 {[%emt 0:00:00]} 3. b4 {[%emt 0:00:09]} d5 {[%emt 0:00:00]} 4. exd5 {[%emt 0:00:02]} exd5 {[%emt 0:00:14]} 5. Bb5+ {[%emt 0:00:00]} Nc6 {[%emt 0:00:01]} 6. Qe2+ {[%emt 0:00:04]} Be6 {[%emt 0:00:01]} 7. Bxc6+ {[%emt 0:00:02]} bxc6 {[%emt 0:00:01]} 8. Nf3 {[%emt 0:00:00]} cxb4 {[%emt 0:00:02]} 9. axb4 {[%emt 0:00:00]} Bxb4 {[%emt 0:00:01]} 10. O-O {[%emt 0:00:03]} Nf6 {[%emt 0:00:01]} 11. Nd4 {[%emt 0:00:02]} Qd6 {[%emt 0:00:05]} 12. Nxe6 {[%emt 0:00:13]} fxe6 {[%emt 0:00:02]} 13. c3 {[%emt 0:00:02]} Bc5 {[%emt 0:00:02]} 14. d4 {[%emt 0:00:05]} Bb6 {[%emt 0:00:03]} 15. Qa6 {[%emt 0:00:03]} O-O {[%emt 0:00:04]} 16. Ba3 {[%emt 0:00:03]} c5 {[%emt 0:00:02]} 17. dxc5 {[%emt 0:00:03]} Bxc5 {[%emt 0:00:02]} 18. Qxd6 {[%emt 0:00:02]} Bxd6 {[%emt 0:00:01]} 19. Bxd6 {[%emt 0:00:00]} Rf7 {[%emt 0:00:02]} 20. Nd2 {[%emt 0:00:04]} Rc8 {[%emt 0:00:05]} 21. Be5 {[%emt 0:00:03]} Ng4 {[%emt 0:00:02]} 22. Nf3 {[%emt 0:00:11]} Rxf3 {[%emt 0:00:02]} 23. gxf3 {[%emt 0:00:09]} Nxe5 {[%emt 0:00:01]} 24. Rxa7 {[%emt 0:00:07]} Nxf3+ {[%emt 0:00:03]} 25. Kg2 {[%emt 0:00:01]} Nh4+ {[%emt 0:00:02]} 26. Kh3 {[%emt 0:00:02]} Rc4 {[%emt 0:00:03]} 27. Rb1 {[%emt 0:00:06]} Ng6 {[%emt 0:00:04]} 28. Rb8+ {[%emt 0:00:02]} Nf8 {[%emt 0:00:01]} 29. Raa8 {[%emt 0:00:00]} Rf4 {[%emt 0:00:02]} 30. Kg3 {[%emt 0:00:03]} Rf6 {[%emt 0:00:02]} 31. f4 {[%emt 0:00:01]} g6 {[%emt 0:00:01]} 32. Kg4 {[%emt 0:00:02]} Kg7 {[%emt 0:00:01]} 33. Ra7+ {[%emt 0:00:01]} Kh6 {[%emt 0:00:01]} 34. Rd8 {[%emt 0:00:07]} Rf5 {[%emt 0:00:03]} 35. Raa8 {[%emt 0:00:02]} g5 {[%emt 0:00:03]} 36. Rxf8 {[%emt 0:00:04]} Rxf4+ {[%emt 0:00:04]} 37. Rxf4 {[%emt 0:00:02]} gxf4 {[%emt 0:00:00]} 38. Kxf4 {[%emt 0:00:00]} Kg6 {[%emt 0:00:01]} 39. Rf8 {[%emt 0:00:02]} h5 {[%emt 0:00:02]} 40. Ke5 {[%emt 0:00:01]} Kg7 {[%emt 0:00:02]} 41. Rf6 {[%emt 0:00:00] Gmbasti gibt auf (Lag: Av=0.28s, max=0.9s)} 1-0